000
00329nam a2200145Ia 4500
005
20251222153649.0
008
251222s9999||||xx |||||||||||||| ||spa||
020
_a
8486344654
082
_a
158.1/H28
100
_a
Hay, Louise L.
245
0
_a
Usted Puede Sanar su Vida
250
_a
1ra.ed.
264
_b
Urano
942
_c
LIB
999
_c
33059
_d
33059